Seinfeld: 10 Most Frequent Supporting Characters - Statistics

General Stats
  • This quiz has been taken 150 times
  • The average score is 7 of 10
Answer Stats
# of Episodes Character % Correct
43 Newman
99%
25 Frank Costanza
90%
10 David Puddy
82%
25 Estelle Costanza
82%
20 Morty Seinfeld
82%
20 J. Peterman
79%
27 Susan Ross
70%
20 Helen Seinfeld
59%
14 Uncle Leo
51%
11 Mr. Wilhelm
21%
No matching quizzes found
Score Distribution
Percent of People with Each Score
Percentile by Number Answered
Your Score History
You have not taken this quiz